[Event "Bundesliga 2003-4"]
[Site "Stuttgart"]
[Date "2004.02.15"]
[Round "9"]
[White "Kasimdzhanov, Rustam"]
[Black "Shirov, Alexei"]
[Result "0-1"]
[WhiteElo "2652"]
[BlackElo "2736"]
[PlyCount "96"]
[EventDate "2004.01.01"]
[Source "Roberto Alvarez"]
[SourceDate "2004.02.16"]

1. d4 d5 2. c4 c6 3. Nf3 Nf6 4. Qc2 g6 5. Bf4 dxc4 6. Qxc4 Bg7 7. Nc3 O-O 8. e3 Be6 9. Qa4 c5 10. Rd1 Qb6 11. Qb5 Nd5 12. Bg5 Qxb5 13. Nxb5 a6 14. Na3 h6 15. Bh4 g5 16. Bg3 b5 17. Nc2 Nc6 18. Be2 Bf5 19. Rd2 c4 20. h4 f6 21. hxg5 hxg5 22. Nh2 Rad8 23. Bg4 e6 24. e4 Bxe4 25. Bxe6+ Kh7 26. Ne3 Kg6 27. Bxd5 Bxd5 28. f4 Be4 29. d5 Nb4 30. f5+ Bxf5 31. Nxf5 Rfe8+ 32. Kd1 Kxf5 33. d6 Kg6 34. d7 Rh8 35. Bc7 Nd3 36. Bxd8 Rxd8 37. Nf3 Rxd7 38. Kc2 f5 39. a3 Re7 40. b3 g4 41. Nh4+ Kg5 42. bxc4 bxc4 43. g3 Re3 44. Rdh2 Rxg3 45. Ng2 f4 46. Kb1 f3 47. Ne3 f2 48. Ng2 Nf4 0-1

[Event "Amber-blind 4th"]
[Site "Monte Carlo"]
[Date "1995.??.??"]
[Round "6"]
[White "Piket, Jeroen"]
[Black "Kamsky, Gata"]
[Result "1-0"]
[WhiteElo "2670"]
[BlackElo "2710"]
[PlyCount "123"]
[EventDate "1995.03.??"]
[Source "ChessBase"]

1. d4 Nf6 2. c4 g6 3. Nc3 d5 4. Nf3 Bg7 5. Qb3 c6 6. cxd5 cxd5 7. Bg5 e6 8. e3 O-O 9. Bd3 Nc6 10. O-O h6 11. Bxf6 Bxf6 12. Rfc1 Qe7 13. a3 Rd8 14. Rc2 Kg7 15. Rac1 Na5 16. Qa2 Bd7 17. b4 Nc6 18. h3 Rac8 19. Bf1 Qd6 20. Qb3 Ne7 21. Na4 Rxc2 22. Rxc2 Qb8 23. Nc5 Be8 24. b5 Nf5 25. a4 Rc8 26. Bd3 Nd6 27. Nd2 Rc7 28. Qb1 Qc8 29. Qb3 Qd8 30. f4 Rc8 31. Nf3 Be7 32. Ne5 Qa5 33. Kf2 g5 34. Ke2 gxf4 35. exf4 b6 36. Na6 Rxc2+ 37. Qxc2 Ne4 38. Bxe4 dxe4 39. Nc7 Bh4 40. Nxe8+ Kf8 41. Qd2 Qxd2+ 42. Kxd2 Kxe8 43. Ke3 f5 44. Nc6 Be7 45. Nxa7 Ba3 46. Nc8 Bc1+ 47. Ke2 Bxf4 48. Nxb6 Kd8 49. Nc4 Bh2 50. a5 Bg1 51. a6 Bxd4 52. b6 Kc8 53. a7 Kb7 54. Na5+ Ka8 55. b7+ Kxa7 56. Nc6+ Kxb7 57. Nxd4 Kc7 58. Nxe6+ Kd6 59. Nf4 Ke5 60. Ke3 Kf6 61. h4 Ke5 62. g3 1-0

[Event "Corsica Masters"]
[Site "Bastia"]
[Date "2000.11.05"]
[Round "2.1"]
[White "Anand, Viswanathan"]
[Black "Djuric, Stefan"]
[Result "1-0"]
[WhiteElo "2762"]
[BlackElo "2472"]
[PlyCount "56"]
[EventDate "2000.11.05"]
[Source "www.chesslib.no"]
[SourceDate "2004.05.04"]

1. d4 Nf6 2. c4 g6 3. Nc3 d5 4. Nf3 Bg7 5. Qb3 c6 6. Bf4 dxc4 7. Qxc4 Nd5 8. Bg3 Nb6 9. Qb3 Be6 10. Qc2 Bc4 11. e4 Bxf1 12. Rxf1 O-O 13. O-O-O a5 14. h4 Na6 15. a3 Nc4 16. Ne5 Nxe5 17. dxe5 Qb6 18. Kb1 Nc5 19. f4 Qc7 20. Bf2 Na6 21. Na4 c5 22. Nc3 e6 23. Rd6 a4 24. Rfd1 b5 25. Nxb5 Qa5 26. Qc4 Rfb8 27. Be1 Nb4 28. axb4 Qxb5 1-0

[Event "Ehrat mem (SUI vs GER match)"]
[Site "Zuerich"]
[Date "1999.08.20"]
[Round "7"]
[White "Kortschnoj, Viktor"]
[Black "Hort, Vlastimil"]
[Result "1/2-1/2"]
[WhiteElo "2676"]
[BlackElo "2535"]
[PlyCount "85"]
[EventDate "1999.08.13"]
[Source "ChessBase"]
[SourceDate "1999.12.01"]

1. d4 d5 2. c4 c6 3. Nf3 Nf6 4. Qb3 g6 5. Nc3 Bg7 6. cxd5 Nxd5 7. e4 Nb6 8. Be3 O-O 9. Rd1 Be6 10. d5 cxd5 11. exd5 Bg4 12. Be2 Na6 13. h3 Bxf3 14. Bxf3 Qd6 15. O-O Nc5 16. Qb5 Rac8 17. Rc1 a6 18. Qe2 Nba4 19. Nd1 Nd7 20. Re1 Ne5 21. Rxc8 Rxc8 22. Bf4 Nxf3+ 23. Qxf3 Qd7 24. Bg5 Re8 25. b3 Nb6 26. Ne3 Nc8 27. h4 h5 28. g4 hxg4 29. Nxg4 Nd6 30. h5 Qf5 31. Qxf5 gxf5 32. Ne3 Kh7 33. Bf4 Bh6 34. Be5 f6 35. Bxd6 exd6 36. Ng2 Rxe1+ 37. Nxe1 Bf4 38. Ng2 Be5 39. f4 Bd4+ 40. Kh2 Bf2 41. Kh3 Kh6 42. Nh4 Bxh4 43. Kxh4 1/2-1/2

[Event "56th ch-RUS"]
[Site "Krasnoyarsk"]
[Date "2003.09.08"]
[Round "5"]
[White "Volkov, Sergey"]
[Black "Timofeev, Artyom"]
[Result "0-1"]
[WhiteElo "2620"]
[BlackElo "2575"]
[PlyCount "128"]
[EventDate "2003.09.03"]
[Source "Roberto Alvarez"]
[SourceDate "2003.09.15"]

1. d4 Nf6 2. c4 g6 3. Nc3 d5 4. Nf3 Bg7 5. Qb3 dxc4 6. Qxc4 a6 7. e4 O-O 8. Be2 b5 9. Qb3 c5 10. dxc5 Bb7 11. O-O Nxe4 12. Nxe4 Bxe4 13. Bf4 Bd5 14. Qe3 Nc6 15. Rad1 e6 16. Rd2 Qa5 17. a3 b4 18. Rc1 Ra7 19. axb4 Qxb4 20. Bh6 Bxh6 21. Qxh6 Bxf3 22. Rc4 Qa5 23. gxf3 Rb8 24. Rh4 f6 25. Bc4 Ne5 26. Bxe6+ Kh8 27. Qf4 Qxd2 28. Qxf6+ Rg7 29. Qxe5 Rxb2 30. Qd4 Qxd4 31. Rxd4 Rc7 32. Rc4 Re2 33. Bh3 Re1+ 34. Kg2 Kg7 35. f4 a5 36. c6 Ra1 37. Bg4 Kf6 38. h4 Ke7 39. f5 gxf5 40. Bxf5 Kd6 41. Be4 a4 42. h5 h6 43. Kf3 Ra7 44. Rd4+ Kc5 45. Rd7 Kb6 46. c7 Rxc7 47. Rd6+ Ka5 48. Rxh6 Rf7+ 49. Kg2 a3 50. Bd5 Rf5 51. Be6 Re5 52. Bc8 Rc1 53. Ra6+ Kb4 54. Bg4 Ra5 55. Rb6+ Kc5 56. Rb8 Kd6 57. h6 a2 58. Rd8+ Ke7 59. h7 a1=Q 60. h8=Q Rg1+ 61. Kf3 Ra3+ 62. Kf4 Ra4+ 63. Kf3 Qxh8 64. Rxh8 Rgxg4 0-1

[Event "NED-ch"]
[Site "NED"]
[Date "1994.??.??"]
[Round "1"]
[White "Sosonko, Gennadi"]
[Black "Sokolov, Ivan"]
[Result "1-0"]
[WhiteElo "2525"]
[BlackElo "2650"]
[PlyCount "41"]
[EventDate "1994.06.??"]
[Source "ChessBase"]

1. d4 Nf6 2. c4 g6 3. Nc3 d5 4. Nf3 Bg7 5. Qb3 c5 6. cxd5 O-O 7. e3 Nbd7 8. Be2 cxd4 9. Nxd4 Nc5 10. Qa3 Nce4 11. Nxe4 Nxe4 12. O-O Re8 13. Qb3 Qd6 14. Rd1 a5 15. Qc2 Nc5 16. e4 Bd7 17. Be3 Rac8 18. Rac1 Ba4 19. b3 Nxb3 20. Qxc8 Nxd4 21. Rxd4 1-0

[Event "Krynica 71/501"]
[Site "?"]
[Date "1997.??.??"]
[Round "?"]
[White "Alterman, Boris"]
[Black "Duric, Slavko"]
[Result "1-0"]
[WhiteElo "2615"]
[BlackElo "2545"]
[PlyCount "79"]
[EventDate "1997.??.??"]
[Source "ChessBase"]
[SourceDate "1997.10.01"]

1. d4 Nf6 2. c4 g6 3. Nc3 d5 4. Nf3 Bg7 5. Qb3 c6 6. Bf4 dxc4 7. Qxc4 Nd5 8. Bg3 O-O 9. e4 Nxc3 10. bxc3 Nd7 11. Be2 Nf6 12. Nd2 Bg4 13. Bxg4 Nxg4 14. O-O Qd7 15. Rfd1 Nf6 16. h3 b5 17. Qe2 c5 18. Nb3 cxd4 19. cxd4 Rfc8 20. Nc5 Qe8 21. Rac1 a5 22. d5 b4 23. e5 Nd7 24. Na6 Rxc1 25. Rxc1 Rc8 26. Rc6 Nb8 27. Nxb8 Rxb8 28. Qa6 Ra8 29. Qc4 Qd8 30. d6 exd6 31. exd6 Qe8 32. Rc7 Bf6 33. d7 Qe1+ 34. Kh2 Rd8 35. Rc8 Qe7 36. Rxd8+ Qxd8 37. Qc8 Kg7 38. Bc7 Qf8 39. Qxf8+ Kxf8 40. Bxa5 1-0

[Event "87th Marshall CCC"]
[Site "New York"]
[Date "2003.12.11"]
[Round "5"]
[White "Ehlvest, Jaan"]
[Black "Fedorowicz, John P"]
[Result "1/2-1/2"]
[WhiteElo "2602"]
[BlackElo "2519"]
[PlyCount "55"]
[EventDate "2003.12.07"]
[Source "Roberto Alvarez"]
[SourceDate "2003.12.15"]

1. d4 Nf6 2. Nf3 g6 3. c4 Bg7 4. Nc3 d5 5. Qb3 dxc4 6. Qxc4 O-O 7. Bf4 Nc6 8. Rd1 Nh5 9. Bg5 h6 10. Bc1 Na5 11. Qa4 c6 12. e4 b5 13. Qc2 Be6 14. b3 Qb8 15. h3 Nf6 16. Be2 Rc8 17. O-O Nb7 18. Be3 a5 19. Bd3 a4 20. b4 Nd7 21. e5 Nb6 22. Nd2 Nd5 23. a3 Nxe3 24. fxe3 c5 25. bxc5 Nxc5 26. dxc5 Rxc5 27. Nde4 Rxe5 28. Rb1 1/2-1/2

[Event "Masters 2006-7"]
[Site "Hastings ING"]
[Date "2006.12.03"]
[Round "7"]
[White "Gagunashvili, M."]
[Black "Gofshtein, Z."]
[Result "1-0"]
[WhiteElo "2611"]
[BlackElo "2509"]
[PlyCount "85"]
[EventDate "2006.12.28"]
[Source "www.chesslib.no"]
[SourceDate "2004.05.04"]

1. d4 Nf6 2. c4 g6 3. Nf3 Bg7 4. Nc3 d5 5. Qb3 dxc4 6. Qxc4 c6 7. e4 O-O 8. Be2 a5 9. O-O a4 10. Qd3 Qa5 11. h3 Rd8 12. Qc2 b5 13. Be3 Na6 14. Ne5 Bb7 15. Rac1 Rac8 16. Nd3 b4 17. Qxa4 Qxa4 18. Nxa4 Nxe4 19. Nb6 Rc7 20. Bf3 c5 21. d5 f5 22. Bxe4 fxe4 23. Nxc5 Nxc5 24. Rxc5 Be5 25. Rfc1 Rxc5 26. Bxc5 Bxb2 27. Rd1 e6 28. Be7 Rb8 29. dxe6 Bc6 30. Bd8 Be5 31. Nc4 Rb5 32. Bh4 Bc7 33. e7 b3 34. axb3 Rxb3 35. Rd8+ Kg7 36. Bg3 e3 37. Bxc7 Rb1+ 38. Kh2 exf2 39. Be5+ Kh6 40. Bf4+ Kg7 41. Be5+ Kh6 42. Ne3 Re1 43. Rf8 1-0

[Event "RUS-ch m5-8"]
[Site "Elista"]
[Date "1997.05.21"]
[Round "1.6"]
[White "Yakovich, Yuri"]
[Black "Notkin, Maksim"]
[Result "1-0"]
[WhiteElo "2575"]
[BlackElo "2515"]
[PlyCount "135"]
[EventDate "1997.05.19"]
[Source "ChessBase"]
[SourceDate "1997.08.01"]

1. d4 Nf6 2. c4 g6 3. Nc3 d5 4. Nf3 Bg7 5. Qb3 dxc4 6. Qxc4 O-O 7. Bf4 Nc6 8. Rd1 Nd7 9. e3 Nb6 10. Qc5 a5 11. Bb5 Nd7 12. Qc4 Nb6 13. Qe2 Nb4 14. Qd2 c6 15. Be2 Be6 16. a3 N4d5 17. Be5 Nf6 18. Qc2 a4 19. Nd2 Qc8 20. O-O Rd8 21. Rc1 h5 22. h3 Ra5 23. Bxf6 exf6 24. Nce4 f5 25. Nc5 Ra8 26. Nc4 Nd5 27. Bf3 Qc7 28. Rfd1 Kh7 29. h4 Bf6 30. g3 Re8 31. Kg2 Kg7 32. Nd3 Nb6 33. Nxb6 Qxb6 34. Nc5 Ra5 35. Nxa4 Rxa4 36. Qxa4 Bb3 37. Qb4 Qxb4 38. axb4 Bxd1 39. Rxd1 Ra8 40. Rd3 Ra6 41. b5 cxb5 42. Bxb7 Rb6 43. Bd5 b4 44. Rd1 Rd6 45. Bc4 Rc6 46. b3 Kf8 47. Ra1 Rc7 48. Ra6 Bd8 49. Ra8 Rd7 50. Rb8 Ke7 51. Rxb4 Ra7 52. Rb5 Bc7 53. Kf3 Bd6 54. Rb6 Rc7 55. Ke2 Ra7 56. b4 f6 57. b5 g5 58. Ra6 Rb7 59. b6 Rb8 60. Bd5 f4 61. gxf4 gxf4 62. b7 fxe3 63. Kxe3 Rf8 64. Kf3 Bb8 65. Rc6 Bd6 66. Rc8 Bb8 67. Ke2 Rd8 68. Bf3 1-0

[Event "Yerevan"]
[Site "Yerevan"]
[Date "1989.??.??"]
[Round "?"]
[White "Petrosian, Arshak B"]
[Black "Lputian, Smbat G"]
[Result "1/2-1/2"]
[WhiteElo "2475"]
[BlackElo "2610"]
[PlyCount "52"]
[EventDate "1989.05.??"]
[Source "ChessBase"]

1. d4 Nf6 2. c4 g6 3. Nc3 d5 4. Nf3 Bg7 5. Qb3 dxc4 6. Qxc4 O-O 7. Bf4 Ne8 8. e4 Nd6 9. Qa4 Nd7 10. Rd1 c5 11. e5 cxd4 12. Qxd4 Nf5 13. Qd2 e6 14. Ne4 Nh4 15. Nxh4 Qxh4 16. g3 Qd8 17. Bg5 Qc7 18. f4 h6 19. Bf6 Nxf6 20. exf6 Bh8 21. Bg2 e5 22. O-O Bf5 23. Qd6 Qxd6 24. Nxd6 exf4 25. Nxf5 gxf5 26. Rxf4 Bxf6 1/2-1/2

[Event "Bundesliga 9192"]
[Site "Germany"]
[Date "1992.??.??"]
[Round "?"]
[White "Gurevich, Mikhail"]
[Black "Malich, Burkhard"]
[Result "1-0"]
[WhiteElo "2635"]
[BlackElo "2435"]
[PlyCount "87"]
[EventDate "1991.10.??"]
[Source "ChessBase"]
[SourceDate "1999.07.01"]

1. d4 d5 2. c4 c6 3. Nc3 Nf6 4. Nf3 g6 5. cxd5 cxd5 6. Qb3 Bg7 7. Bg5 e6 8. e3 O-O 9. Bd3 Nc6 10. h3 Qb6 11. Qxb6 axb6 12. Ke2 Nb4 13. Bb5 Nc6 14. Bf4 Bd7 15. Bc7 Na7 16. Bd3 b5 17. a3 Rfc8 18. Bb6 Bf8 19. Rhc1 b4 20. axb4 Nc6 21. b5 Nb4 22. Ne5 Nxd3 23. Kxd3 Be8 24. Rxa8 Rxa8 25. Bc5 Bg7 26. f3 g5 27. Kc2 h5 28. Kb3 Nh7 29. Kb4 Nf8 30. Na4 f6 31. Nd3 Bg6 32. Nf2 Nd7 33. Bd6 e5 34. Rc7 Nf8 35. Rxb7 exd4 36. exd4 Ne6 37. b6 Nd8 38. Rc7 Be8 39. Nc5 f5 40. Kc3 Bf6 41. b7 Nxb7 42. Rxb7 Ra1 43. Nfd3 g4 44. Be5 1-0

[Event "ch-SRB"]
[Site "Mataruska Banja SRB"]
[Date "2008.03.21"]
[Round "7"]
[White "Markus, Rob"]
[Black "Bogosavljevic, B."]
[Result "1/2-1/2"]
[WhiteElo "2575"]
[BlackElo "2492"]
[PlyCount "118"]
[EventDate "2008.03.15"]
[Source "www.chesslib.no"]
[SourceDate "2004.05.04"]

1. d4 d5 2. c4 c6 3. Nf3 Nf6 4. Qb3 g6 5. Nc3 Bg7 6. Bf4 dxc4 7. Qxc4 Be6 8. Qa4 O-O 9. e4 b5 10. Qc2 Qa5 11. Bd3 Na6 12. Qd2 Rfd8 13. O-O Nh5 14. Ne2 Qxd2 15. Bxd2 Nc5 16. Bc2 Bc4 17. Rfe1 Ne6 18. e5 Bxe2 19. Rxe2 Nxd4 20. Nxd4 Rxd4 21. g3 Rxd2 22. Rxd2 Bxe5 23. Be4 Rc8 24. Rc1 c5 25. b4 c4 26. Rd5 Bb2 27. Rc2 c3 28. Rxb5 Rc4 29. Bf3 Nf6 30. Rb7 e5 31. Rxa7 Rxb4 32. Bc6 Rd4 33. Ba4 e4 34. Bb3 Nd7 35. Re2 Kg7 36. Ra4 Rxa4 37. Bxa4 Nc5 38. Bc2 f5 39. a4 Ne6 40. Bb1 Nd4 41. Re3 Bc1 42. a5 Bxe3 43. fxe3 Nc6 44. a6 Kf6 45. Kf2 Ke5 46. Ke2 Kd5 47. Ba2+ Kc5 48. Bg8 Kb6 49. Bxh7 Ne7 50. Kd1 Kxa6 51. Kc2 Kb5 52. Kxc3 Kc5 53. h3 Kd5 54. g4 Ke5 55. gxf5 gxf5 56. h4 Ke6 57. Kd4 Kf6 58. h5 Kg5 59. h6 Kxh6 1/2-1/2

[Event "London"]
[Site "?"]
[Date "1992.??.??"]
[Round "?"]
[White "Zilberman, Y."]
[Black "Chandler, M."]
[Result "0-1"]
[WhiteElo "2490"]
[BlackElo "2575"]
[PlyCount "90"]
[EventDate "1992.??.??"]
[Source "ChessBase"]
[SourceDate "1992.06.01"]

1. d4 Nf6 2. c4 g6 3. Nc3 d5 4. Nf3 Bg7 5. Qb3 c6 6. cxd5 Nxd5 7. Nxd5 cxd5 8. e3 Nc6 9. Bd2 O-O 10. Be2 Na5 11. Qa4 Nc4 12. Bxc4 dxc4 13. Qxc4 Be6 14. Qd3 Rc8 15. b3 Bf5 16. e4 Bg4 17. O-O Bxf3 18. Qxf3 Bxd4 19. Rac1 Qb6 20. Qe2 Rfd8 21. Rxc8 Rxc8 22. Rc1 Rxc1+ 23. Bxc1 Qc5 24. Bb2 e5 25. Kf1 b5 26. g3 a5 27. h3 a4 28. bxa4 bxa4 29. Bxd4 exd4 30. Qd3 a3 31. Ke2 Qb4 32. Qc2 Qb5+ 33. Qd3 Qb2+ 34. Qd2 Qb1 35. Kf3 h6 36. h4 h5 37. Qe2 Qh1+ 38. Kf4 Qc1+ 39. Kf3 Qc3+ 40. Kg2 d3 41. Qe3 Qc4 42. e5 Qd5+ 43. Qf3 Qd7 44. Qd1 d2 45. f3 Qd5 0-1

[Event "31st World Open"]
[Site "Philadelphia"]
[Date "2003.07.02"]
[Round "3"]
[White "Gulko, Boris"]
[Black "Andrianov, Nikolai"]
[Result "1-0"]
[WhiteElo "2583"]
[BlackElo "2482"]
[PlyCount "59"]
[EventDate "2003.06.30"]
[Source "Roberto Alvarez"]
[SourceDate "2003.07.21"]

1. d4 d5 2. c4 c6 3. Nf3 Nf6 4. Nc3 g6 5. Qb3 Bg7 6. cxd5 cxd5 7. Bg5 e6 8. e3 O-O 9. Ne5 Nc6 10. Be2 Qb6 11. Qxb6 axb6 12. f4 h6 13. Bh4 Nh7 14. O-O g5 15. Bg3 f5 16. Nb5 Bxe5 17. fxe5 Bd7 18. Rfc1 Na7 19. Nd6 Bc6 20. b4 Ba4 21. b5 Nc8 22. Nxb7 f4 23. exf4 gxf4 24. Bh4 Ng5 25. Bxg5 hxg5 26. Bg4 Bxb5 27. Bxe6+ Kh8 28. Rxc8 Raxc8 29. Bxc8 Rxc8 30. Nd6 1-0

[Event "Ostend Open"]
[Site "Ostend"]
[Date "1989.??.??"]
[Round "6"]
[White "Van der Sterren, Paul"]
[Black "Gutman, Lev"]
[Result "1-0"]
[WhiteElo "2500"]
[BlackElo "2535"]
[PlyCount "147"]
[EventDate "1989.??.??"]
[Source "www.chesslib.no"]
[SourceDate "2004.05.04"]

1. d4 Nf6 2. c4 g6 3. Nc3 d5 4. Nf3 Bg7 5. Qb3 dxc4 6. Qxc4 c6 7. e4 b5 8. Qb3 Qa5 9. Bd3 b4 10. Na4 Be6 11. Qd1 b3+ 12. Nc3 bxa2 13. Ng5 Qb4 14. Nxe6 fxe6 15. Qa4 Qxa4 16. Nxa4 Nbd7 17. Rxa2 Kf7 18. f3 e5 19. dxe5 Nxe5 20. Be2 Rhd8 21. Ra3 e6 22. O-O Bf8 23. Rc3 Rd4 24. b3 Bb4 25. Rc2 Rad8 26. Be3 R4d7 27. Nc5 Re7 28. Na6 Ba5 29. b4 Bb6 30. Bxb6 axb6 31. f4 Ned7 32. e5 Nd5 33. Rxc6 Nb8 34. Nxb8 Rxb8 35. b5 Ne3 36. Rfc1 Rbb7 37. Bf3 Nf5 38. Rd1 Rec7 39. Bg4 Rxc6 40. bxc6 Rc7 41. Bf3 Ne3 42. Rb1 Nd5 43. Bxd5 exd5 44. Rxb6 Ke6 45. Kf2 d4 46. Ke2 Kd5 47. Kd3 Ra7 48. Rb3 g5 49. fxg5 Kxc6 50. Kxd4 Ra4+ 51. Ke3 Kd5 52. Rb7 Rh4 53. Rb5+ Ke6 54. h3 Kf5 55. Rb7 Kxg5 56. Rf7 Kg6 57. Rf4 Rh5 58. Ke4 Kg7 59. Kd5 Rh6 60. h4 Ra6 61. g4 Ra5+ 62. Ke6 Ra6+ 63. Kf5 Ra1 64. Rd4 Ra7 65. g5 Rf7+ 66. Ke6 Rf8 67. Rd6 Re8+ 68. Kf5 Rf8+ 69. Rf6 Ra8 70. h5 Ra1 71. Rd6 Rf1+ 72. Ke6 Rg1 73. Rd7+ Kg8 74. h6 1-0

[Event "CZE-chT 0102"]
[Site "?"]
[Date "2001.12.15"]
[Round "4"]
[White "Babula Vlastimil"]
[Black "Konopka Michal"]
[Result "1-0"]
[WhiteElo "2551"]
[BlackElo "2476"]
[PlyCount "61"]
[EventDate "2001.??.??"]
[Source "www.chesslib.no"]
[SourceDate "2004.05.04"]

1. d4 Nf6 2. c4 g6 3. Nc3 d5 4. Nf3 Bg7 5. Qb3 c6 6. cxd5 cxd5 7. Bg5 Nc6 8. e3 e6 9. Bd3 O-O 10. O-O h6 11. Bf4 Nh5 12. Be5 f6 13. Bc7 Qxc7 14. Bxg6 Nf4 15. exf4 Qxf4 16. Rad1 f5 17. Bh5 Qc7 18. Ne2 Bd7 19. g3 Qd6 20. Nf4 Rac8 21. Rfe1 Na5 22. Qd3 Nc4 23. Re2 Qb6 24. Rde1 Nd6 25. Rxe6 Bxe6 26. Rxe6 Rfd8 27. Nxd5 Rc1+ 28. Kg2 Qxb2 29. Ne7+ Kh8 30. Qe3 Rc3 31. Rxh6+ 1-0

[Event "Moscow-A"]
[Site "Moscow RUS"]
[Date "1987.??.??"]
[Round "?"]
[White "Ionescu, Constantin"]
[Black "Lputian, Smbat G"]
[Result "1/2-1/2"]
[WhiteElo "2520"]
[BlackElo "2500"]
[PlyCount "184"]
[EventDate "1987.06.??"]
[Source "www.chesslib.no"]
[SourceDate "2004.05.04"]

1. d4 Nf6 2. c4 g6 3. Nc3 d5 4. Nf3 Bg7 5. Qb3 dxc4 6. Qxc4 O-O 7. Bg5 a6 8. e3 b5 9. Qb3 c5 10. Bxf6 Bxf6 11. Ne4 Be6 12. Qc3 cxd4 13. Nxf6+ exf6 14. Nxd4 Bd5 15. f3 Qe7 16. Be2 b4 17. Qd2 Nc6 18. Kf2 Nxd4 19. exd4 Qd6 20. a3 Rfb8 21. g3 bxa3 22. Rxa3 Rb4 23. Rc1 Qb6 24. Rc2 a5 25. Rac3 Kg7 26. Bc4 Rd8 27. Bxd5 Rxd4 28. Qe3 R8xd5 29. Kg2 Qd6 30. Rf2 h5 31. Rc8 Rd2 32. Rc2 R2d4 33. Qe8 Re5 34. Qa8 Rc5 35. Rce2 f5 36. Qa7 Rcd5 37. Re7 Qf6 38. Rc7 f4 39. Rc5 fxg3 40. hxg3 h4 41. Qxa5 hxg3 42. Rxd5 gxf2 43. Kxf2 Rc4 44. Qd2 Qb6+ 45. Kg2 Qc6 46. Qa5 Kh7 47. Qd8 Qb7 48. Rh5+ gxh5 49. Qd3+ Kh6 50. Qxc4 Qxb2+ 51. Kg3 Qe5+ 52. Kg2 f6 53. Kh3 Qf5+ 54. Kg3 Qg5+ 55. Kh3 Qe3 56. Kg3 Qg1+ 57. Kh3 Qh1+ 58. Kg3 Qe1+ 59. Kh3 Kg5 60. Qd5+ Qe5 61. Qg8+ Kf5 62. Qc4 Qe3 63. Kg3 Qe1+ 64. Kg2 Qe6 65. Qd3+ Kg5 66. Qd2+ Kg6 67. Qd3+ f5 68. Qd4 Qe2+ 69. Kg3 Qe1+ 70. Kh3 Qe6 71. f4 Qe7 72. Qb6+ Kh7 73. Qd4 Qb7 74. Qd1 Qf7 75. Qg1 Qf6 76. Qg3 Kh6 77. Qg2 Qe7 78. Qg3 Qd8 79. Qg2 Qd3+ 80. Kh4 Qd8+ 81. Kh3 Kh7 82. Qg1 Qc7 83. Qg5 Qc3+ 84. Kh4 Qe1+ 85. Qg3 Qe2 86. Kh3 Qf1+ 87. Kh2 Qe2+ 88. Qg2 Qe7 89. Qg3 Qe4 90. Qg5 Qe2+ 91. Kh1 Qg4 92. Qe7+ Qg7 1/2-1/2

[Event "60th ch-RUS Higher League"]
[Site "Krasnoyarsk RUS"]
[Date "2007.09.05"]
[Round "3"]
[White "Belov, Vl"]
[Black "Voinov, A."]
[Result "0-1"]
[WhiteElo "2590"]
[BlackElo "2428"]
[PlyCount "114"]
[EventDate "2007.09.03"]
[Source "www.chesslib.no"]
[SourceDate "2004.05.04"]

1. d4 d5 2. c4 c6 3. Nf3 Nf6 4. Qb3 g6 5. Nc3 Bg7 6. Bf4 dxc4 7. Qxc4 Nd5 8. Bd2 Nxc3 9. Bxc3 Bf5 10. Qb3 Qb6 11. Qa3 Qa6 12. Qb3 Qb6 13. Nd2 Qxb3 14. axb3 O-O 15. e4 Be6 16. Bc4 Bxc4 17. Nxc4 Nd7 18. O-O Rfd8 19. Na5 Rab8 20. Rfd1 Nb6 21. b4 Nc8 22. f3 Nd6 23. d5 cxd5 24. Bxg7 Kxg7 25. Rxd5 Rdc8 26. b3 Rc2 27. Rc5 Rb2 28. Rc7 Rd8 29. Kh1 b6 30. Nc4 Nxc4 31. bxc4 Rdd2 32. Rg1 Rxb4 33. Rxe7 a5 34. Rb7 a4 35. h4 a3 36. Ra7 a2 37. Kh2 Rxc4 38. e5 Rc6 39. Re1 Kf8 40. Kg3 b5 41. Re4 Rc4 42. Re3 Rc7 43. Ra8+ Ke7 44. Rb3 Rc1 45. Ra7+ Ke6 46. Ra6+ Kd7 47. Ra7+ Kc6 48. Rba3 Rcc2 49. R3a6+ Kc5 50. Kf4 Rxg2 51. Rc7+ Kb4 52. Rxf7 Rc4+ 53. Ke3 Rc3+ 54. Kd4 Rd2+ 55. Ke4 Ra3 56. Rxa3 Kxa3 57. Ke3 Rd1 0-1

[Event "Peer Gynt"]
[Site "Gausdal NOR"]
[Date "1994.??.??"]
[Round "7"]
[White "Davies, Nigel R"]
[Black "Kristensen, Bjarke"]
[Result "1-0"]
[WhiteElo "2525"]
[BlackElo "2465"]
[PlyCount "51"]
[EventDate "1994.07.??"]
[Source "www.chesslib.no"]
[SourceDate "2004.05.04"]

1. d4 d5 2. Nf3 Nf6 3. c4 c6 4. Qb3 g6 5. Nc3 Bg7 6. cxd5 Nxd5 7. e4 Nb6 8. Be3 Bg4 9. Ng5 O-O 10. h3 Bc8 11. Rd1 h6 12. Nf3 Be6 13. Qc2 a5 14. Be2 Na6 15. O-O Nb4 16. Qb1 Bc4 17. a3 Bxe2 18. Nxe2 Na6 19. Qc1 Kh7 20. h4 h5 21. Nf4 Rh8 22. Ng5+ Kg8 23. Rfe1 Rc8 24. Qc2 a4 25. d5 c5 26. e5 1-0

[Event "Beersheba"]
[Site "Beersheba"]
[Date "1996.??.??"]
[Round "1"]
[White "Mikhalevski, Victor"]
[Black "Vydeslaver, Alik"]
[Result "1-0"]
[WhiteElo "2495"]
[BlackElo "2480"]
[PlyCount "79"]
[EventDate "1996.03.??"]
[Source "ChessBase"]

1. d4 Nf6 2. c4 g6 3. Nc3 d5 4. Nf3 Bg7 5. Qb3 dxc4 6. Qxc4 a6 7. e4 b5 8. Qb3 O-O 9. e5 Ng4 10. h3 Nh6 11. Bd3 Bb7 12. Bxh6 Bxh6 13. Be4 Nc6 14. Rd1 Na5 15. Qc2 Bxe4 16. Qxe4 b4 17. Na4 e6 18. b3 Qd5 19. Qh4 Bg7 20. O-O Nc6 21. Rc1 Rfd8 22. Rc4 Bf8 23. Rfc1 Ne7 24. Rxc7 Rac8 25. Qf6 h6 26. R1c5 Rxc7 27. Rxc7 Re8 28. Nc5 Bg7 29. Rxe7 Bxf6 30. Rxe8+ Kg7 31. exf6+ Kxf6 32. Rb8 Qf5 33. Rxb4 Qb1+ 34. Kh2 Qxa2 35. Rb7 Qe2 36. Ne5 h5 37. h4 Kg7 38. Nxe6+ Kg8 39. Rb8+ Kh7 40. Nxf7 1-0

[Event "Moscow-B"]
[Site "Moscow RUS"]
[Date "1987.??.??"]
[Round "?"]
[White "Foisor, Ovidiu"]
[Black "Garcia Martinez, Silvino"]
[Result "1/2-1/2"]
[WhiteElo "2495"]
[BlackElo "2455"]
[PlyCount "88"]
[EventDate "1987.06.??"]
[Source "www.chesslib.no"]
[SourceDate "2004.05.04"]

1. d4 Nf6 2. c4 g6 3. Nc3 d5 4. Nf3 Bg7 5. Qb3 dxc4 6. Qxc4 c6 7. Bg5 Be6 8. Qa4 O-O 9. e3 Qb6 10. Qa3 Nbd7 11. Be2 a5 12. O-O Qb4 13. Rfc1 Rfe8 14. h3 Nd5 15. Na4 N5b6 16. Nxb6 Nxb6 17. Qd3 Nd7 18. e4 f5 19. Bd2 fxe4 20. Qxe4 Qd6 21. Bf4 Qd5 22. Qe3 Nf8 23. Be5 Bxe5 24. dxe5 Qd8 25. Qh6 Qc7 26. Bc4 Bxc4 27. Rxc4 e6 28. Re1 Nd7 29. Ng5 Nb6 30. Rf4 Re7 31. Ne4 Nd5 32. Nf6+ Kh8 33. Rh4 Rg7 34. Qg5 Rf8 35. Ree4 Qe7 36. Qh6 Nxf6 37. exf6 Rxf6 38. Rhf4 Rxf4 39. Rxf4 Rf7 40. Re4 Qd7 41. Qe3 Qd1+ 42. Kh2 Qd6+ 43. g3 Rf6 44. Rd4 Qc7 1/2-1/2

[Event "ISR-chT"]
[Site "Israel"]
[Date "1999.01.22"]
[Round "3"]
[White "Mikhalevski, Victor"]
[Black "Vydeslaver, Alik"]
[Result "1/2-1/2"]
[WhiteElo "2540"]
[BlackElo "2405"]
[PlyCount "91"]
[EventDate "1999.01.??"]
[Source "www.chesslib.no"]
[SourceDate "2004.05.04"]

1. d4 Nf6 2. c4 g6 3. Nc3 d5 4. Nf3 Bg7 5. Qb3 dxc4 6. Qxc4 a6 7. e4 b5 8. Qb3 Bb7 9. e5 Nd5 10. Bc4 e6 11. Bg5 Ne7 12. d5 exd5 13. Bxd5 Bxd5 14. Bxe7 Bxb3 15. Bxd8 Kxd8 16. axb3 Nc6 17. Nxb5 Nxe5 18. Nxe5 Bxe5 19. O-O-O+ Kc8 20. Na3 Bd6 21. Nc4 Rd8 22. Rhe1 Rb8 23. Kc2 Rb5 24. g3 h5 25. h4 Bc5 26. f4 Bf2 27. Rxd8+ Kxd8 28. Rd1+ Ke7 29. Rd3 f6 30. Kd1 Ke6 31. Ke2 Bb6 32. Kf3 g5 33. hxg5 fxg5 34. Ke4 gxf4 35. gxf4 h4 36. Rd8 Rh5 37. Ne5 h3 38. f5+ Ke7 39. Rd7+ Ke8 40. Rd1 Rh4+ 41. Kf3 h2 42. Kg2 Re4 43. Nc4 Re2+ 44. Kh1 Ke7 45. Ra1 a5 46. b4 1/2-1/2

[Event "Alekhine op"]
[Site "Moscow"]
[Date "1992.??.??"]
[Round "?"]
[White "Kiselev, Sergey"]
[Black "Shvedchikov, Anatoli I"]
[Result "1/2-1/2"]
[WhiteElo "2530"]
[BlackElo "2400"]
[PlyCount "81"]
[EventDate "1992.10.??"]
[Source "ChessBase"]

1. d4 Nf6 2. c4 c6 3. Nc3 d5 4. Nf3 g6 5. Qb3 Bg7 6. Bf4 dxc4 7. Qxc4 Qb6 8. O-O-O Be6 9. Qa4 Nd5 10. Bd2 Nxc3 11. Bxc3 Qa6 12. Qxa6 Nxa6 13. d5 Bxc3 14. dxe6 Bg7 15. e3 Nc5 16. exf7+ Kxf7 17. Bc4+ Ke8 18. h4 Ne4 19. Rdf1 Rd8 20. h5 g5 21. h6 Bf6 22. Be6 Nc5 23. Bg4 Kf7 24. Kc2 Kg6 25. Re1 Ne4 26. Re2 Rd6 27. Nd2 Nxd2 28. Rxd2 Rxd2+ 29. Kxd2 Bxb2 30. Rb1 Ba3 31. Rxb7 a5 32. Rc7 Rd8+ 33. Ke2 Kxh6 34. Bf5 Kg7 35. Rxc6 Rd6 36. Rc7 Rb6 37. Ra7 Rb2+ 38. Kf1 Bb4 39. a4 Ra2 40. Bd7 h5 41. Ra6 1/2-1/2